[Event "Euro Online U2300 Day 1"]
[Site "chess.com INT"]
[Date "2020.05.25"]
[Round "2"]
[White "Hasanagic, Alim"]
[Black "Dmitrenko, Viktor"]
[Result "1-0"]
[WhiteTitle "CM"]
[BlackTitle "IM"]
[WhiteElo "2225"]
[BlackElo "2456"]
[WhiteFideId "14605198"]
[BlackFideId "14110270"]
[EventDate "2020.05.25"]

1. d4 e6 2. Nf3 Nf6 3. g3 d5 4. Bg2 Be7 5. c4 O-O 6. O-O c6 7. Qc2 b6 8. Nbd2
Ba6 9. b3 Nbd7 10. e4 Rc8 11. Bb2 c5 12. exd5 exd5 13. Rfe1 cxd4 14. Nxd4 Bb4
15. a3 Bxd2 16. Qxd2 Nc5 17. Nf5 Nce4 18. Bxe4 Nxe4 19. Qxd5 Qxd5 20. Ne7+ Kh8
21. Nxd5 Nd2 22. Re3 Nxb3 23. Rae1 Nd2 24. Ne7 Rc5 25. Bd4 Rxc4 26. Nf5 f6 27.
Bc3 Ne4 28. Bb4 Nc5 29. Re7 Bc8 30. Nd6 1-0

[Event "Euro Online U2300 Day 1"]
[Site "chess.com INT"]
[Date "2020.05.25"]
[Round "2"]
[White "Kolchin, Maxim"]
[Black "Mitic, Milan"]
[Result "1-0"]
[WhiteElo "1844"]
[BlackElo "1993"]
[WhiteFideId "34147222"]
[BlackFideId "945560"]
[EventDate "2020.05.25"]

1. d4 f5 2. Nf3 Nf6 3. Bf4 e6 4. h4 b6 5. e3 Bb7 6. Be2 Be7 7. h5 O-O 8. h6 g6
9. Nbd2 Ne4 10. c3 d6 11. Qb3 d5 12. O-O-O a5 13. Nxe4 fxe4 14. Ne5 a4 15. Qc2
a3 16. b3 Nd7 17. Bg4 Nxe5 18. Bxe5 Qd7 19. Bg7 Rfc8 20. f3 exf3 21. gxf3 c5 22.
dxc5 Bxc5 23. Qe4 Rc6 24. Qe5 Qd6 25. Qf6 Bxe3+ 26. Kb1 Re8 27. Rhe1 Qf4 28. Qh4
Qg5 29. Qxg5 Bxg5 30. Rxd5 Rc7 31. Rxg5 e5 32. Rgxe5 Rxe5 33. Rxe5 1-0

[Event "Euro Online U2300 Day 1"]
[Site "chess.com INT"]
[Date "2020.05.25"]
[Round "2"]
[White "Kharatyan, Roman"]
[Black "Megalios, Konstantinos"]
[Result "1/2-1/2"]
[BlackTitle "IM"]
[WhiteElo "1984"]
[BlackElo "2401"]
[WhiteFideId "13305220"]
[BlackFideId "4238044"]
[EventDate "2020.05.25"]

1. d4 Nf6 2. Nf3 e6 3. e3 b6 4. b3 Bb7 5. Bb2 c5 6. Nbd2 cxd4 7. exd4 Be7 8. Bd3
Nc6 9. a3 O-O 10. O-O Rc8 11. Ne5 Qc7 12. f4 d6 13. Ng4 Rfe8 14. h3 Nb8 15. Nf3
Nbd7 16. c4 d5 17. Nfe5 Ne4 18. Rc1 Qd8 19. Qe2 Nf8 20. Qe3 f6 21. Nf3 Bd6 22.
Nd2 f5 23. Ne5 Qe7 24. Ndf3 Bxa3 25. Bxa3 Qxa3 26. g4 Qxb3 27. gxf5 exf5 28. c5
Ba8 29. Rc2 bxc5 30. dxc5 Ne6 31. c6 Qb6 32. Qxb6 axb6 33. Rb1 Nxf4 34. Ba6 Rc7
35. Rxb6 Nxh3+ 36. Kf1 Nhg5 37. Bb7 Nxf3 38. Nxf3 Bxb7 39. Rxb7 Rxb7 40. cxb7
Nd6 41. Rb2 Rb8 42. Rb6 Nxb7 43. Nd4 h6 44. Nc6 Re8 45. Rxb7 f4 46. Ne7+ Kf7 47.
Nxd5+ Kg6 48. Kf2 Rf8 49. Kf3 Rf7 1/2-1/2

[Event "Euro Online U2300 Day 1"]
[Site "chess.com INT"]
[Date "2020.05.25"]
[Round "2"]
[White "Ranaldi, Lucas"]
[Black "Skatchkov, Valery"]
[Result "1-0"]
[WhiteTitle "FM"]
[BlackTitle "FM"]
[WhiteElo "2353"]
[BlackElo "2242"]
[WhiteFideId "1519484"]
[BlackFideId "24195812"]
[EventDate "2020.05.25"]

1. Nf3 Nf6 2. c4 e6 3. g3 b6 4. Bg2 Bb7 5. O-O Be7 6. Nc3 O-O 7. Re1 d5 8. cxd5
Nxd5 9. d4 Nxc3 10. bxc3 c5 11. Ba3 cxd4 12. Bxe7 Qxe7 13. cxd4 Nd7 14. Qa4 Nf6
15. Rac1 a6 16. Ne5 b5 17. Qa5 Bxg2 18. Kxg2 Qb7+ 19. Rc6 Rfc8 20. Rc1 Nd7 21.
Qc3 Nb8 22. d5 Nxc6 23. dxc6 Qc7 24. Qc5 Rd8 25. Nd7 Rac8 26. e4 h6 27. Nb6 Rb8
28. Nd7 Ra8 29. Nb6 Rab8 30. Nd7 Rxd7 31. cxd7 Qxd7 32. Qc6 Qd3 33. Rc3 Qd4 34.
Rf3 Ra8 35. Qxa8+ Kh7 36. Qxa6 Qe5 37. Qb7 f6 38. h4 h5 39. Qc6 Qb2 40. Qxe6 1-0

[Event "Euro Online U2300 Day 1"]
[Site "chess.com INT"]
[Date "2020.05.25"]
[Round "2"]
[White "Ivic, Velimir"]
[Black "Rabatin, Jakub"]
[Result "1-0"]
[WhiteTitle "GM"]
[BlackTitle "FM"]
[WhiteElo "2548"]
[BlackElo "2271"]
[WhiteFideId "950122"]
[BlackFideId "329517"]
[EventDate "2020.05.25"]

1. e4 c5 2. Nf3 Nc6 3. d4 cxd4 4. Nxd4 e5 5. Nb5 d6 6. c4 Be7 7. N1c3 a6 8. Na3
f5 9. exf5 Bxf5 10. Bd3 Be6 11. O-O Nf6 12. Nc2 O-O 13. b3 Rc8 14. Nd5 b5 15.
Nxe7+ Nxe7 16. cxb5 axb5 17. Bxb5 d5 18. Ba3 Rf7 19. Rc1 Ne4 20. Qe1 Nc3 21.
Qxe5 Nxb5 22. Qxe6 Ng6 23. Ne3 Rxc1 24. Rxc1 Nf4 25. Qc8 Rd7 26. Be7 Qxc8 27.
Rxc8+ Kf7 28. Bb4 Nd3 29. Bd2 Nd6 30. Rc2 d4 31. Nc4 Nxc4 32. Rxc4 Ne5 33. Rc5
Ke6 34. Kf1 d3 35. f4 Nf7 36. Kf2 Nd6 37. Kf3 Nf5 38. g4 Nd4+ 39. Ke4 Ne2 40.
f5+ Kf7 41. Rd5 Rxd5 42. Kxd5 Ng1 43. Ke4 g6 44. a4 1-0

[Event "Euro Online U2300 Day 1"]
[Site "chess.com INT"]
[Date "2020.05.25"]
[Round "2"]
[White "Skreno, Vladimir"]
[Black "Adrian, Claude"]
[Result "1-0"]
[BlackTitle "IM"]
[WhiteElo "2119"]
[BlackElo "2250"]
[WhiteFideId "14902893"]
[BlackFideId "601071"]
[EventDate "2020.05.25"]

1. d4 Nf6 2. Nf3 c5 3. c3 d5 4. Bf4 Qb6 5. Qb3 Nc6 6. dxc5 Qxc5 7. Nbd2 Bf5 8.
Be3 Qd6 9. Nd4 Bg6 10. Qxb7 Rb8 11. Qxc6+ Qxc6 12. Nxc6 Rxb2 13. Bxa7 e6 14. e3
Bd6 15. Bd4 Kd7 16. Ne5+ Bxe5 17. Bxe5 Rc8 18. a4 Ng4 19. Bg3 Rxc3 20. Bb5+ Ke7
21. Nf3 Nxe3 22. fxe3 Rxe3+ 23. Kf1 Be4 24. Ne1 d4 25. Bf2 Reb3 26. Bxd4 Rd2 27.
Bc5+ Kf6 28. h4 Rbb2 29. Rh3 e5 30. Rg3 Bd5 31. Be3 Ra2 32. Rxa2 Rxa2 1-0

[Event "Euro Online U2300 Day 1"]
[Site "chess.com INT"]
[Date "2020.05.25"]
[Round "2"]
[White "Martian, Dragos-Daniel"]
[Black "Salimova, Nurgyul"]
[Result "0-1"]
[BlackTitle "IM"]
[WhiteElo "2241"]
[BlackElo "2372"]
[WhiteFideId "1203606"]
[BlackFideId "2915138"]
[EventDate "2020.05.25"]

1. e4 c6 2. d4 d5 3. exd5 cxd5 4. c4 Nf6 5. Nc3 Nc6 6. Bg5 Ne4 7. Nxe4 dxe4 8.
d5 Ne5 9. Qd4 f6 10. Qxe4 Qb6 11. Be3 Qxb2 12. Rd1 g6 13. Be2 Bf5 14. Qd4 Qxd4
15. Bxd4 Bh6 16. Bxe5 fxe5 17. Nf3 e4 18. Nd4 O-O 19. c5 Rac8 20. c6 bxc6 21.
Nxc6 Rc7 22. Bc4 Kh8 23. O-O e3 24. fxe3 Bxe3+ 25. Kh1 Kg7 26. Rde1 Bc5 27. Bb3
e6 28. Rc1 Ba3 29. Rc3 Be4 30. Rxf8 Bxf8 31. Rc1 exd5 32. Kg1 Ba3 33. Rc3 d4 34.
Rc4 Rxc6 35. Ra4 Bc5 0-1

[Event "Euro Online U2300 Day 1"]
[Site "chess.com INT"]
[Date "2020.05.25"]
[Round "2"]
[White "Druzhinina, Olga"]
[Black "Florez Rodriguez, Diego"]
[Result "0-1"]
[WhiteElo "2245"]
[BlackElo "2110"]
[WhiteFideId "4141911"]
[BlackFideId "2291576"]
[EventDate "2020.05.25"]

1. e4 e6 2. d4 d5 3. Nd2 dxe4 4. Nxe4 Bd7 5. Nf3 Bc6 6. Bd3 Nd7 7. O-O Ngf6 8.
Qe2 Bxe4 9. Bxe4 Nxe4 10. Qxe4 c6 11. c4 Be7 12. b3 O-O 13. Bb2 Qa5 14. Rfd1 Ba3
15. Bxa3 Qxa3 16. Rd2 a5 17. h4 a4 18. Rb1 axb3 19. axb3 Qd6 20. h5 h6 21. Rd3
Rfd8 22. Rbd1 Nf6 23. Qh4 Ra2 24. Ne5 Rda8 25. Rg3 Kf8 26. Qf4 Qe7 27. Rf3 Ra1
28. Rxa1 Rxa1+ 29. Kh2 Kg8 30. g4 Qb4 31. Nd3 Qxb3 32. g5 hxg5 33. Qxg5 Qd1 34.
Qg2 Nxh5 35. Ne5 Qxd4 36. Nxf7 Nf4 37. Qg5 Rh1+ 38. Kxh1 Qd1+ 39. Kh2 Qxf3 40.
Ne5 Qh3+ 41. Kg1 Ne2# 0-1

[Event "Euro Online U2300 Day 1"]
[Site "chess.com INT"]
[Date "2020.05.25"]
[Round "2"]
[White "Budrewicz, Krzysztof"]
[Black "Berzina, Ilze"]
[Result "1-0"]
[BlackTitle "WGM"]
[WhiteElo "2227"]
[BlackElo "2192"]
[WhiteFideId "1127950"]
[BlackFideId "11601345"]
[EventDate "2020.05.25"]

1. d4 d5 2. c4 c6 3. e3 Nf6 4. Nf3 Bf5 5. Nc3 e6 6. Qb3 Qc7 7. Bd2 Be7 8. Rc1
Qb6 9. Be2 O-O 10. O-O h6 11. Ra1 Nbd7 12. Rfc1 Ne4 13. Be1 Nxc3 14. bxc3 Qc7
15. cxd5 exd5 16. c4 dxc4 17. Bxc4 Bd6 18. a4 Bg4 19. h3 Bxf3 20. gxf3 Nb6 21.
Bf1 Qe7 22. Bg2 Nd5 23. f4 Nf6 24. a5 a6 25. Rab1 Rab8 26. Qd3 Rfe8 27. Rb3 Nd5
28. Rcb1 g5 29. f5 Bc7 30. Kf1 Bd6 31. Qd1 Qd7 32. Bxd5 cxd5 33. Qf3 Re4 34. Rb6
Kg7 35. Kg2 Be7 36. f6+ 1-0

[Event "Euro Online U2300 Day 1"]
[Site "chess.com INT"]
[Date "2020.05.25"]
[Round "2"]
[White "Chertkov, Maksim"]
[Black "Fernandez Madrid, Carlos"]
[Result "0-1"]
[BlackTitle "CM"]
[WhiteElo "1972"]
[BlackElo "2118"]
[WhiteFideId "54145481"]
[BlackFideId "2206030"]
[EventDate "2020.05.25"]

1. e4 c5 2. Nf3 Nc6 3. d4 cxd4 4. Nxd4 g6 5. Nc3 Bg7 6. Be3 Nf6 7. Nxc6 bxc6 8.
e5 Nd5 9. Nxd5 cxd5 10. Qxd5 Rb8 11. O-O-O Bb7 12. Qd4 O-O 13. Qxd7 Qa5 14. Qxe7
Qxa2 15. Qa3 Qe6 16. f4 Rfc8 17. Rg1 Bf8 18. Qd3 Qa2 19. Bd4 Bd5 20. Kd2 Bc4 21.
Qh3 Be6 22. Qf3 Rxb2 23. Bxb2 Qxb2 24. Bd3 Bb4+ 25. Ke3 Bc5+ 26. Kd2 Bxg1 27.
Rxg1 a5 28. Qf1 Qb4+ 29. Ke3 Bc4 30. Qb1 Qc5+ 31. Ke2 a4 32. Qa1 a3 33. Rb1 a2
34. Rb2 Qd5 35. Kf2 Qd4+ 36. Ke2 Qe4+ 37. Kf2 Qxf4+ 38. Kg1 Bxd3 39. Rxa2 Bxc2
40. e6 Qe3+ 41. Kh1 Qxe6 42. Ra8 Be4 43. Rxc8+ Qxc8 44. h3 Qxh3+ 45. Kg1 Qxg2# 0-1

[Event "Euro Online U2300 Day 1"]
[Site "chess.com INT"]
[Date "2020.05.25"]
[Round "2"]
[White "Efimenko, Maria"]
[Black "Horak, Jiri1"]
[Result "1-0"]
[WhiteTitle "WIM"]
[WhiteElo "2245"]
[BlackElo "2176"]
[WhiteFideId "14124327"]
[BlackFideId "303330"]
[EventDate "2020.05.25"]

1. e4 e5 2. Nf3 Nf6 3. Nc3 Nc6 4. Bc4 Be7 5. d3 d6 6. O-O Bg4 7. h3 Bh5 8. Be3
a6 9. a4 Qd7 10. Nd5 Nxd5 11. exd5 Nd4 12. Bxd4 exd4 13. Qe2 O-O 14. Qe4 Bxf3
15. Qxf3 Bf6 16. Rfe1 Rfe8 17. Re4 Rxe4 18. dxe4 Re8 19. Bd3 c6 20. dxc6 Qxc6
21. Qf5 Re5 22. Qf4 Qb6 23. b3 Qc5 24. Re1 Qc3 25. Rf1 h5 26. Qg3 b5 27. axb5
axb5 28. f4 Rc5 29. Qf3 g6 30. e5 Be7 31. Qa8+ Kg7 32. Qe8 Rc7 33. Qxb5 dxe5 34.
fxe5 Qc5 35. Qe8 Bg5 36. e6 f5 37. Kh1 Re7 38. Qd8 Bf6 39. Bc4 Qe5 40. Qd5 Qe3
41. b4 Be5 42. Qf3 Qd2 43. Qb3 Kf6 44. b5 g5 45. Qf3 Qf4 46. Qxf4 Bxf4 47. Re1
Bd6 48. Rf1 Rc7 49. Bd3 Kxe6 50. Bxf5+ Kd5 51. Bd3 Bf4 52. g3 Be3 53. Rf5+ Ke6
54. Kg2 Rb7 55. Kf3 Rf7 56. Rxf7 Kxf7 57. b6 g4+ 58. hxg4 hxg4+ 59. Kxg4 1-0

[Event "Euro Online U2300 Day 1"]
[Site "chess.com INT"]
[Date "2020.05.25"]
[Round "2"]
[White "Kaliszuk, Kamil"]
[Black "Johansson, Carl Fredrik"]
[Result "1-0"]
[BlackTitle "CM"]
[WhiteElo "1930"]
[BlackElo "2205"]
[WhiteFideId "21870160"]
[BlackFideId "1701576"]
[EventDate "2020.05.25"]

1. e4 c5 2. Nf3 d6 3. d4 cxd4 4. Qxd4 Nc6 5. Qe3 g6 6. Be2 Bg7 7. O-O Nf6 8. Rd1
O-O 9. h3 Nd7 10. c4 b6 11. Nc3 Bb7 12. b3 Rc8 13. Bb2 a6 14. Rac1 Nc5 15. Ba1
e6 16. Rd2 Qe7 17. Rcd1 Rcd8 18. b4 Nxb4 19. Rb1 a5 20. a3 Nba6 21. Rxb6 Qc7 22.
Rb1 Rfe8 23. Nb5 Qc6 24. Bxg7 Kxg7 25. Qc3+ f6 26. Nbd4 Qxe4 27. Re1 e5 28. Nb5
d5 29. cxd5 Rxd5 30. Bc4 Rxd2 31. Rxe4 Nxe4 32. Qxa5 Rd1+ 33. Kh2 Re7 34. Qb6
Nac5 35. Be2 Rb1 36. Nd2 Nxd2 37. Qxc5 Rd7 38. Nd6 Ne4 39. Qc2 Nxd6 40. Qxb1 Nf5
41. Qb5 Re7 42. Qc5 Rf7 43. Bc4 Rd7 44. Be6 1-0

[Event "Euro Online U2300 Day 1"]
[Site "chess.com INT"]
[Date "2020.05.25"]
[Round "2"]
[White "Ogloblin, Nikolay"]
[Black "Papadopoulos, Georgios3"]
[Result "1-0"]
[WhiteTitle "IM"]
[WhiteElo "2346"]
[BlackElo "2347"]
[WhiteFideId "4139658"]
[BlackFideId "4210271"]
[EventDate "2020.05.25"]

1. d4 Nf6 2. Nf3 g6 3. c4 Bg7 4. Nc3 O-O 5. Bg5 c5 6. d5 d6 7. h3 h6 8. Bf4 e5
9. dxe6 Bxe6 10. Qxd6 Qa5 11. Bd2 Rd8 12. Nb5 Qb6 13. Qxb6 axb6 14. Nc7 Ra4 15.
Nxe6 fxe6 16. Bc3 Rxc4 17. e3 Ra4 18. Bb5 Ra8 19. Ke2 Nc6 20. a3 Ne4 21. Bxg7
Kxg7 22. Rhd1 Kf6 23. Bd3 Nd6 24. Nd2 Na5 25. f4 c4 26. Bc2 b5 27. g4 g5 28. Rf1
Ke7 29. Rad1 c3 30. bxc3 Nac4 31. Nxc4 Nxc4 32. Rxd8 Rxd8 33. Bd3 Nxa3 34. Ra1
Nc4 35. Ra7 Rd7 36. Ra8 Rc7 37. Rh8 Nb2 38. Rh7+ Kd6 39. Rxc7 Kxc7 40. Bxb5 Kb6
41. Bd7 Kc5 42. Bxe6 Na4 43. Kd3 Kd6 44. Bf5 Nc5+ 45. Kd4 Nb3+ 46. Kc4 Nd2+ 47.
Kd3 Nf1 48. Be4 b6 49. Bg2 Ng3 50. fxg5 hxg5 51. e4 Ke5 52. Ke3 b5 53. Bf3 Nf1+
54. Ke2 Nd2 55. Kxd2 1-0

[Event "Euro Online U2300 Day 1"]
[Site "chess.com INT"]
[Date "2020.05.25"]
[Round "2"]
[White "Potpara, Nikola"]
[Black "Talibov, Shiroghlan"]
[Result "1-0"]
[WhiteElo "2373"]
[BlackElo "2128"]
[WhiteFideId "910058"]
[BlackFideId "13429078"]
[EventDate "2020.05.25"]

1. d4 Nf6 2. c4 e6 3. Nf3 c5 4. d5 exd5 5. cxd5 d6 6. Nc3 g6 7. e4 Bg7 8. h3 O-O
9. Bd3 Na6 10. O-O Nc7 11. Re1 a6 12. a4 Rb8 13. Rb1 b5 14. axb5 axb5 15. b4 c4
16. Bc2 Re8 17. Be3 Ra8 18. Nd4 Bd7 19. Qd2 Qe7 20. Ra1 Nh5 21. Nc6 Bxc6 22.
dxc6 Be5 23. Nd5 Nxd5 24. Rxa8 Rxa8 25. exd5 Ra2 26. g4 c3 27. Qd3 Ng7 28. Re2
Ra1+ 29. Kg2 Qh4 30. c7 Ra8 31. f4 Nh5 32. gxh5 Bxf4 33. Bxf4 Qxf4 34. Qe3 Qc4
35. h6 Rf8 36. Qe7 Qxd5+ 37. Be4 Qc4 38. Bf3 Qf4 39. Qxf8+ 1-0

[Event "Euro Online U2300 Day 1"]
[Site "chess.com INT"]
[Date "2020.05.25"]
[Round "2"]
[White "Astafurov, Arseniy"]
[Black "Piankov, Evgenij"]
[Result "1-0"]
[WhiteTitle "FM"]
[BlackTitle "IM"]
[WhiteElo "2330"]
[BlackElo "2216"]
[WhiteFideId "24175218"]
[BlackFideId "14100525"]
[EventDate "2020.05.25"]

1. c4 c6 2. e4 d5 3. exd5 cxd5 4. d4 Nf6 5. Nc3 g6 6. Nf3 Bg7 7. Qb3 O-O 8. cxd5
Na6 9. Bc4 Qb6 10. O-O Qxb3 11. Bxb3 Rd8 12. Re1 Kf8 13. Bg5 Nc7 14. Rac1 h6 15.
Bh4 g5 16. Bg3 Ncxd5 17. Be5 Be6 18. Nb5 a6 19. Nc7 Nxc7 20. Rxc7 Bxb3 21. axb3
b5 22. h3 Nd5 23. Rc5 e6 24. Ra1 Nb4 25. Rc7 Nd5 26. Rc6 Nb4 27. Bd6+ Rxd6 28.
Rxd6 Rc8 29. Ne5 Rc2 30. Rd8+ Ke7 31. Rd7+ Ke8 32. Rb7 Bf6 33. Re1 Rd2 34. Nxf7
Bxd4 35. Rxe6+ Kf8 36. Nxh6 Rxf2 37. Kh2 Rxb2 38. Rf7# 1-0

[Event "Euro Online U2300 Day 1"]
[Site "chess.com INT"]
[Date "2020.05.25"]
[Round "2"]
[White "Erdogan, Anil Berk"]
[Black "Pazdziora, Michal"]
[Result "1-0"]
[WhiteTitle "CM"]
[WhiteElo "2155"]
[BlackElo "2197"]
[WhiteFideId "6348173"]
[BlackFideId "1124234"]
[EventDate "2020.05.25"]

1. e4 c5 2. Nf3 e6 3. d4 cxd4 4. Nxd4 a6 5. Nc3 b5 6. g3 Bb7 7. a3 Nf6 8. Bg2
Qc7 9. O-O d6 10. f4 Nbd7 11. g4 Nc5 12. Qe2 Be7 13. g5 Nfd7 14. Be3 O-O 15. b4
Na4 16. Nxa4 bxa4 17. c4 Rac8 18. Rac1 Nb6 19. c5 dxc5 20. bxc5 Bxc5 21. Nxe6
fxe6 22. Rxc5 Qb8 23. Rxc8 Nxc8 24. Qc4 Qd6 25. e5 Qd7 26. Bxb7 Qxb7 27. Qxe6+
Kh8 28. Qh3 Qe4 29. f5 Kg8 30. f6 Qxe5 31. f7+ Kh8 32. g6 h5 33. Rf5 Qa1+ 34.
Qf1 Qxf1+ 35. Kxf1 Ne7 36. Rxh5# 1-0

[Event "Euro Online U2300 Day 1"]
[Site "chess.com INT"]
[Date "2020.05.25"]
[Round "2"]
[White "Pham, Khoi"]
[Black "Manukyan, Sargis A."]
[Result "1-0"]
[BlackTitle "FM"]
[WhiteElo "2048"]
[BlackElo "2244"]
[WhiteFideId "1054988"]
[BlackFideId "13303970"]
[EventDate "2020.05.25"]

1. d4 d5 2. c4 e6 3. Nc3 Nf6 4. cxd5 exd5 5. Bg5 c6 6. e3 Qb6 7. Qc2 Ne4 8. Nxe4
dxe4 9. Qxe4+ Be6 10. O-O-O Qa5 11. Nh3 Qxa2 12. Nf4 Nd7 13. Nxe6 Qxe6 14. Qxe6+
fxe6 15. Bc4 Kf7 16. f4 Be7 17. h4 h6 18. Bxe7 Kxe7 19. g4 Nb6 20. Ba2 Nd5 21.
Kd2 Rag8 22. f5 Rf8 23. e4 Nf6 24. Rhe1 e5 25. dxe5 Nxg4 26. Rg1 h5 27. Kc3 Rd8
28. Bb3 a5 29. e6 b5 30. Rxd8 Rxd8 31. Bd1 Nf2 32. Rxg7+ Kf6 33. Rf7+ Ke5 34.
Bf3 b4+ 35. Kc2 Re8 36. e7 Ng4 37. Kb3 Nf6 38. Ka4 c5 39. Kxa5 Nd7 40. Bxh5 Kd6
41. f6 Ra8+ 42. Kb5 Rb8+ 43. Kc4 Ne5+ 44. Kb3 c4+ 45. Kc2 c3 46. Rf8 Rb7 47.
e8=Q b3+ 48. Kxc3 Rc7+ 49. Kxb3 Rb7+ 50. Ka2 1-0

[Event "Euro Online U2300 Day 1"]
[Site "chess.com INT"]
[Date "2020.05.25"]
[Round "2"]
[White "Khalikov, Bulat"]
[Black "Tomilova, Elena"]
[Result "0-1"]
[BlackTitle "WGM"]
[WhiteElo "2109"]
[BlackElo "2353"]
[WhiteFideId "34147869"]
[BlackFideId "4162340"]
[EventDate "2020.05.25"]

1. e4 e6 2. d4 d5 3. Nc3 Bb4 4. e5 c5 5. a3 Bxc3+ 6. bxc3 Qa5 7. Bd2 Qa4 8. Qb1
c4 9. h4 Ne7 10. h5 h6 11. g4 Nbc6 12. Bh3 Bd7 13. Ne2 O-O-O 14. O-O b6 15. Ng3
Kb7 16. Kh2 Rdf8 17. Qd1 f6 18. f4 Ka8 19. Ra2 f5 20. gxf5 exf5 21. Rg1 Nd8 22.
Qf3 Ne6 23. Nf1 Be8 24. Ne3 Bxh5 25. Qxh5 Nxf4 26. Qf3 Nxh3 27. Rxg7 Ng5 28. Qg2
Qd7 29. Nxd5 Qxd5 30. Rxe7 Qxg2+ 31. Kxg2 f4 32. Rg7 Ne4 33. Bc1 f3+ 34. Kf1
Rhg8 35. Bxh6 Rxg7 36. Bxg7 Rg8 37. Ra1 Rxg7 38. Re1 Rg1+ 39. Kxg1 f2+ 40. Kf1
fxe1=Q+ 41. Kxe1 Nxc3 42. Kf2 Kb7 43. Kf3 Kc6 44. Kf4 Nd5+ 45. Kf5 b5 46. Ke6 a5
47. Kf5 a4 48. Ke4 b4 49. axb4 a3 50. b5+ Kxb5 51. Kxd5 a2 52. e6 a1=Q 53. e7
Qa8+ 54. Ke6 Qe4+ 55. Kf7 Qf5+ 56. Kg7 Qe6 57. Kf8 Qf6+ 58. Ke8 Kc6 59. Kd8 Kd6 0-1

[Event "Euro Online U2300 Day 1"]
[Site "chess.com INT"]
[Date "2020.05.25"]
[Round "2"]
[White "Usanov, Maxim"]
[Black "Inyushkin, Sergei"]
[Result "1-0"]
[WhiteElo "2093"]
[BlackElo "1555"]
[WhiteFideId "14112728"]
[BlackFideId "4155122"]
[EventDate "2020.05.25"]

1. c4 Nf6 2. Nc3 g6 3. e4 c5 4. d4 cxd4 5. Qxd4 Nc6 6. Qd2 Bg7 7. Nf3 d6 8. h3
O-O 9. Be2 a6 10. O-O Ne8 11. Rd1 Qa5 12. Rb1 Nc7 13. a3 Ne6 14. b4 Qd8 15. Nd5
Ned4 16. Bb2 e5 17. b5 axb5 18. cxb5 Nxf3+ 19. Bxf3 Nd4 20. Be2 Be6 21. Bc4 Bxd5
22. Bxd5 Qb6 23. Bxd4 exd4 24. Rb3 Ra5 25. Rdb1 h6 26. h4 h5 27. Qg5 Kh7 28. Qe7
f5 29. Qxb7 Qxb7 30. Bxb7 fxe4 31. Bxe4 Rb8 32. b6 d5 33. Bf3 Rc5 34. Rb5 Rc3
35. a4 d3 36. Rxd5 Ra3 37. a5 d2 38. b7 Bc3 39. Rd3 Bb4 40. Rxa3 Bxa3 41. a6 Bc5
42. Rd1 Rd8 43. Rxd2 Rxd2 44. b8=Q Bxf2+ 45. Kf1 Bxh4 46. Qc7+ Kg8 47. Bd5+ Kh8
48. Qc3+ 1-0

[Event "Euro Online U2300 Day 1"]
[Site "chess.com INT"]
[Date "2020.05.25"]
[Round "2"]
[White "Lund, Terje"]
[Black "Exler, Veronika"]
[Result "0-1"]
[BlackTitle "WIM"]
[WhiteElo "2104"]
[BlackElo "2155"]
[WhiteFideId "1504754"]
[BlackFideId "1620550"]
[EventDate "2020.05.25"]

1. d4 d5 2. c4 e6 3. Nc3 Bb4 4. Nf3 Nf6 5. Bg5 h6 6. Bh4 g5 7. Bg3 Ne4 8. Rc1 h5
9. h3 Bxc3+ 10. bxc3 Nxg3 11. fxg3 Qd6 12. Kf2 h4 13. gxh4 gxh4 14. e3 Nd7 15.
cxd5 exd5 16. c4 Nf6 17. Bd3 Qg3+ 18. Kf1 Rg8 19. Qe2 Ne4 20. Bxe4 dxe4 21. Ne5
Rg5 22. Kg1 Bxh3 23. Rh2 f6 24. Kh1 Bf5 25. Qb2 h3 26. Qb3 fxe5 27. dxe5 O-O-O
28. Rb1 hxg2+ 29. Kg1 Qxh2+ 30. Kxh2 g1=Q+ 31. Rxg1 Rh8# 0-1

[Event "Euro Online U2300 Day 1"]
[Site "chess.com INT"]
[Date "2020.05.25"]
[Round "2"]
[White "Gombocz, Ferenc Jr."]
[Black "Samunenkov, Ihor"]
[Result "0-1"]
[WhiteTitle "FM"]
[WhiteElo "2209"]
[BlackElo "2142"]
[WhiteFideId "775029"]
[BlackFideId "14187086"]
[EventDate "2020.05.25"]

1. c4 c5 2. g3 Nc6 3. Bg2 g6 4. Nc3 Bg7 5. a3 a5 6. Nf3 e5 7. O-O Nge7 8. d3 O-O
9. Ne1 d6 10. Nc2 Be6 11. Ne3 Qd7 12. Ned5 Rab8 13. Rb1 Bh3 14. Bxh3 Qxh3 15. f4
f5 16. fxe5 Nxd5 17. Nxd5 dxe5 18. e3 g5 19. b4 axb4 20. axb4 e4 21. Bb2 Bxb2
22. Rxb2 Ne5 23. dxe4 fxe4 24. Nf6+ Kg7 25. Nxe4 Rxf1+ 26. Qxf1 Qxf1+ 27. Kxf1
Nxc4 28. Re2 cxb4 29. Nxg5 b3 30. Ne4 b2 31. Nc3 Ra8 32. Kf2 Ra1 33. Rc2 Rc1 34.
Rxb2 Nxb2 35. Nb5 Nc4 36. e4 Rc2+ 37. Kf3 Rxh2 38. g4 Kf6 39. Nc7 Ke5 40. g5
Rh3+ 41. Kg4 Rh1 42. Nd5 Kxe4 43. Nf6+ Ke5 44. Nd7+ Kd6 45. Nf6 b5 46. Ne4+ Ke5
47. Nc3 b4 48. Na4 b3 49. g6 hxg6 50. Kg5 b2 51. Nxb2 Nxb2 52. Kxg6 Rg1+ 0-1

[Event "Euro Online U2300 Day 1"]
[Site "chess.com INT"]
[Date "2020.05.25"]
[Round "2"]
[White "Droin, Augustin"]
[Black "Lauda, Alexandr"]
[Result "1-0"]
[WhiteTitle "FM"]
[WhiteElo "2313"]
[BlackElo "1984"]
[WhiteFideId "45105987"]
[BlackFideId "13903179"]
[EventDate "2020.05.25"]

1. e4 c5 2. Nf3 Nc6 3. Bb5 g5 4. Nxg5 Nf6 5. Bxc6 dxc6 6. e5 Qd5 7. Nf3 Qe4+ 8.
Qe2 Qxe2+ 9. Kxe2 Nd5 10. d3 Rg8 11. Kf1 Nb4 12. Na3 Bg4 13. Ne1 O-O-O 14. h3
Bd1 15. Bd2 Bh5 16. Nc4 Bg6 17. a3 Nxc2 18. Rc1 Nxe1 19. Kxe1 Bxd3 20. Ne3 e6
21. f4 Be7 22. g4 Bh4+ 23. Kd1 Be4 24. Rf1 Rxd2+ 25. Kxd2 Rd8+ 26. Ke2 Bd3+ 27.
Kf3 Bxf1 28. Rxf1 Be7 29. Rd1 b5 30. Ke4 c4 31. Rxd8+ Kxd8 32. g5 Bc5 33. h4 a5
34. h5 Bxe3 35. Kxe3 c5 36. a4 b4 37. Kd2 Ke7 38. h6 Kd7 39. Kc1 Kc6 40. f5 Kd7
41. g6 exf5 42. gxh7 f4 43. h8=Q f3 44. Qf6 c3 45. bxc3 b3 46. Qxf7+ Kc6 47.
Qxf3+ Kb6 48. c4 Ka6 49. h7 Ka7 50. h8=Q b2+ 51. Kxb2 Kb6 52. Qff6+ Ka7 53.
Qhg7+ 1-0